भगवद् गीतेचा अभंगात्मक अनुवाद (Record no. 446648)

MARC details
000 -LEADER
fixed length control field 00663nam a2200145Ia 4500
008 - FIXED-LENGTH DATA ELEMENTS--GENERAL INFORMATION
fixed length control field 100204s9999 xx 000 0 und d
082 ## - DEWEY DECIMAL CLASSIFICATION NUMBER
Item number 1487
100 ## - MAIN ENTRY--PERSONAL NAME
Personal name श्री संत तुकाराम महाराज (बेंद्र्रे )
245 ## - TITLE STATEMENT
Title भगवद् गीतेचा अभंगात्मक अनुवाद
260 ## - PUBLICATION, DISTRIBUTION, ETC. (IMPRINT)
Name of publisher, distributor, etc मुंबई विश्वविद्यालय
Date of publication, distribution, etc 1950
300 ## - PHYSICAL DESCRIPTION
Extent 244
630 ## - SUBJECT ADDED ENTRY--UNIFORM TITLE
Uniform title भगवद् गीतेचा अभंगात्मक अनुवाद
730 ## - ADDED ENTRY--UNIFORM TITLE
Uniform title भगवद् गीतेचा अभंगात्मक अनुवाद
942 ## - ADDED ENTRY ELEMENTS (KOHA)
Koha item type Book
Holdings
Withdrawn status Lost status Damaged status Not for loan Home library Current library Date acquired Cost, normal purchase price Total Checkouts Full call number Barcode Date last seen Cost, replacement price Price effective from Koha item type
        N. C. Kelkar Sarvajanik Library, Mulund N. C. Kelkar Sarvajanik Library, Mulund 02/04/2010 0.00   1487 NCKMULUND-1487 02/04/2010 0.00 02/04/2010 Book